| 000 | 00736nam a22001337a 4500 | ||
|---|---|---|---|
| 040 | _cAGR | ||
| 082 | _aAGR KUY 2009 B041 Or.1 | ||
| 100 | _aKUY, PHEAKDEY. | ||
| 245 | _aapplication of lime to acid soil to increase swatow mustard's yield in svay chrum district, svayreang province (ការប្រើប្រាស់កំបោរលើដីអាស៊ីត ដើម្បីបង្កើនទិន្នផលស្ពៃជើងទា នៅស្រុកកៀនស្វាយជ្រុំខេត្តស្វាយរៀង) | ||
| 260 |
_aPhnom Penh _bRUA _c2009 |
||
| 300 |
_aXii, 41p. _bill. _c29cm. |
||
| 856 | _uhttps://drive.google.com/file/d/11SVGOouij59yIYHKchXSePPQ1giC01wE/view?usp=sharing | ||
| 942 | _cAGR | ||
| 999 |
_c901 _d901 |
||